| 000 | 01214nam a2200301 4500 | ||
|---|---|---|---|
| 001 | 0000016432 | ||
| 003 | CO-CtgCURN | ||
| 005 | 20250329164838.0 | ||
| 007 | ta | ||
| 008 | 160627s1994 000 0 eng d | ||
| 020 | _a8448600762 | ||
| 040 |
_aCO-CtgCURN _bspa _ccoctgcurn |
||
| 082 | 0 |
_a610.734 _bL86a |
|
| 100 | 1 | _aLópez Martin, I. | |
| 245 | 1 | 0 |
_aAtencion domiciliaria : _bdiagnosticos de enfermeria / _cI. López Martin. |
| 260 |
_aMadrid : _bNueva Editorial Interamericana, _c1994. |
||
| 300 | _a840 p. | ||
| 336 | _2rdacontent | ||
| 337 |
_2rdamedia _asin mediacion _bn |
||
| 338 |
_2rdacarrier _avolumen _bnc |
||
| 500 | _aIncluye indice. | ||
| 504 | _aBibliografia (p. 829-830) | ||
| 505 | 8 | _aLa visita a domicilio generalidades.--Visita a domicilio al recien nacido.--Visita a domicilio a la mujer puerpera.--Visita a domicilio al paciente con incontinencia urinaria y o portador de sonda vesical.--Visita a domicilio al paciente diabetico.--Visita domiciliaria al paciente con alteracion respiratoria cronica | |
| 650 | 1 | 4 |
_aEnfermedades _vDiagnostico. |
| 908 | _a160627 | ||
| 942 |
_cBK _h610.734 _iL86a _2ddc |
||
| 999 |
_c2181 _d2181 |
||